000 01325nam0a22003131 4500
001 rc\4152024
005 20130415183632.7
021 _aRU
_b[48-5320]
035 _a(NLR Aleph) 008170584
090 _a7851934
_c7851934
100 _a20130415d1948 |||y0rusy50 ca
101 0 _arus
102 _aRU
105 _aa z |||||
200 1 _aСборник упражнений по орфографии
_eДля 5 и 6 классов семилет. и сред. школы
_fПод ред. акад. Л.В. Щербы
205 _a6-е изд.
210 _aМосква
_cУчпедгиз
_d1948
_gТип. Н-10
_gТип. Н-6
215 _a200 с.
_cил.
_d20
300 _aНа обороте тит. л. сост.: проф. С.Г. Бархударов, проф. Е.Н. Петрова, К.А. Воскресенская [и др.]
606 _aРусский язык
_xОрфография
_jУчебники и пособия
_2psbo
702 1 _aВоскресенская
_bК. А.
_4220
702 1 _aЩерба
_bЛ. В.
_gЛев Владимирович
_4340
702 1 _aПетрова
_bЕ. Н.
_4220
702 1 _aБархударов
_bС. Г.
_gСтепан Григорьевич
_4220
801 0 _aRU
_bNLR
_gpsbo
801 1 _aRU
_bELAR
_2rusmarc
852 _aNLR
_jЯ60 Г-3/367
942 _cBOOK
980 _aNB